Películas de Disney/Pixar - Estadísticas

Estadísticas generales
  • Esta prueba ha sido intentada 881 veces
  • La puntuación promedio es 33 de 88
Estadísticas de respuestas
Respuesta % Correcto
Toy story
87%
Cars
75%
Cenicienta
74%
La bella y la bestia
73%
La sirenita
70%
Mulán
69%
Toy story 2
66%
Toy story 3
66%
Aladdín
65%
Buscando a Nemo
65%
Enredados
64%
Pocahontas
64%
El rey león
63%
Toy story 4
63%
Brave
61%
Los increíbles
59%
Cars 2
57%
Coco
57%
Up
57%
Buscando a Dory
56%
Cars 3
55%
101 Dálmatas
52%
Pinocho
52%
El libro de la selva
51%
Peter Pan
51%
Blancanieves y los siete enanitos
50%
Luca
50%
Ratatouille
50%
Bichos, una aventura en miniatura
49%
Tiana y el sapo
49%
Wall-e
49%
Encanto
48%
Hércules
48%
Tarzán
48%
Vaiana
48%
Del revés
47%
Dumbo
46%
La dama y el vagabundo
45%
Soul
45%
Los Aristogatos
44%
Monstruos S.A.
44%
Bambi
43%
Los increíbles 2
42%
Alicia en el país de las maravillas
41%
Fantasía
40%
Bolt
39%
Red
39%
Rompe Ralph
39%
El Jorobado de Notre Dame
36%
Atlantis: El imperio perdido
34%
Lilo y Stitch
34%
Monstruos University
32%
Robin Hood
32%
Zootrópolis
32%
Hermano oso
31%
Big hero 6
28%
Frozen 2
27%
El viaje de Arlo
25%
Chicken Little
24%
El emperador y sus locuras
23%
Lightyear
22%
Los Rescatadores
22%
Onward
22%
Dinosaurio
21%
El planeta del tesoro
20%
Tod y Toby
20%
Fantasía 2000
19%
Winnie the pooh
19%
Mary Poppins
18%
Oliver y su pandilla
16%
Merlín, el encantador
15%
Raya y el último dragón
14%
Zafarrancho en el rancho
14%
Frozen: El reino de hielo
12%
Basil, el ratón superdetective
9%
Taron y el Caldero Mágico
9%
Los Rescatadores en Cangurolandia
8%
Los tres caballeros
8%
Descubriendo a los Robinsons
7%
Saludos amigos
7%
La bruja novata
4%
Música maestro
4%
Salvaje
4%
Tiempo de melodía
4%
Lo mejor de Winnie the Pooh
3%
La gran película de Piglet
2%
Las aventuras de Bongo, Mickey y las judías mágicas
2%
Las aventuras de Ichabod y el Sr. Sapo
2%
No se encontraron pruebas coincidentes
Distribución de puntuación
Porcentaje de gente con cada puntuación
Porcentaje por número respondido
Historial de tus puntuaciones
No has intentado esta prueba.